000 00426nam a2200133Ia 4500
008 100328s9999 xx 000 0 und d
082 _b37836
100 _aहरकारे अरुण.
245 _aकीर्तिवंत राजा.
260 _bकुलस्वामिनी
630 _aकीर्तिवंत राजा.
730 _aकीर्तिवंत राजा.
942 _cBOOK
999 _c527168
_d527165